000 00622nam a2200229Ia 4500
003 OSt
005 20220923221250.0
006 a|||||r|||| 00| 0
007 ta
008 220922b |||||||| |||| 00| 0 hin d
024 _a196,275
037 _cTextual
040 _aARTS
_cARTS
_bhin
041 _2hin
_ahin
082 _aP1511,9, J0 (Q4)
100 _aधर्मरक्षित
245 0 _aपालि पाठमाला
246 _aPāli pāṭhamālā
260 _c1950
942 _hP1511,9, J0 (Q4)
_cTEXL
_2CC
999 _c348166
_d348166